Clubs de Rugby Europe Super Cup. - Statistiques

Statistiques générales
  • Ce quiz a été pris 17 fois
  • Le résultat moyen est 5 sur 7
Statistiques - réponses
Arrivée Clubs % Correct
2021 Black Lion
85%
2023 Bohemia Rugby Warriors
69%
2022 Romanian Wolves
69%
2021 Brussels Devils
69%
2021 Lusitanos
69%
2021 Delta
62%
2021 Castilla y León Iberians
46%
Aucun quiz correspondant
Distribution des résultats
% des personnes avec chaque résultat
Percentile par nombre de réponses
Votre historique - résultats
Vous n’avez pas pris ce quiz